| 000 | 00735nam a2200193Ia 4500 | ||
|---|---|---|---|
| 001 | 3202 | ||
| 003 | GE_BSU | ||
| 008 | 181216s||||||||xx |||||||||||||| ||und|| | ||
| 040 | _cGE_BSU | ||
| 080 | _a91(030)=161.1 | ||
| 245 | _aКраткая географическая энциклопедия.Энциклопедии,словари,справочники.Т.4. Союзная советская республика-Югославия. | ||
| 245 | _cГл.ред. А.А.Григорьев. | ||
| 260 | _aМ. | ||
| 260 | _bСоветская энциклопедия. | ||
| 260 | _c1964. | ||
| 300 | _a448стр. с илл. 26см. | ||
| 653 | _aКраткая географическая энциклопедия. | ||
| 942 | _cBK | ||
| 999 |
_c37243 _d37243 |
||